Words That Rhyme With "Sloane" - Statistics

General Stats
  • This quiz has been taken 1,179 times
  • The average score is 21 of 33
Answer Stats
Rhyme % Correct
moan
96%
bone
93%
loan
91%
cone
90%
tone
90%
hone
87%
lone
84%
phone
83%
stone
82%
drone
81%
clone
77%
crone
77%
blown
73%
grown
73%
zone
73%
prone
72%
flown
69%
own
67%
groan
63%
shown
60%
scone
58%
pone
57%
roan
57%
known
56%
shone
52%
thrown
48%
sewn
47%
throne
46%
sown
36%
mown
33%
sone
28%
trone
22%
krone
16%
No matching quizzes found
Score Distribution
Percent of People with Each Score
Percentile by Number Answered
Your Score History
You have not taken this quiz